Statistiques concernant Les 1ers Ministres français qui ont duré le plus longtemps

Cliquez ici pour prendre le quiz!

Statistiques générales

  • Ce quiz a été pris 124 fois
  • Le résultat moyen est 7 sur 10

Statistiques - réponses

Durée à MatignonPremier Ministre% Correct
4 ans,11 mois et 23 joursFrançois Fillon
94%
6 ans,2 mois et 26 joursGeorges Pompidou
90%
4 ans,11 mois et 4 joursLionel Jospin
87%
2 ans,8 mois et 5 joursManuel Valls
80%
3 ans et 25 joursJean-Pierre Raffarin
72%
3 ans et 5 joursMichel Rocard
72%
4 ans,8 mois et 16 joursRaymond Barre
72%
3 ans 2 mois et 26 joursPierre Mauroy
63%
3 ans,3 mois et 6 joursMichel Debré
59%
3 ans et 15 joursJacques Chaban-Delmas
58%

Distribution des résultats

Percentile par nombre de réponses

% des personnes avec chaque résultat

Votre développement - résultats

Vous n’avez pas pris ce quiz